• 首页
  • 本馆介绍
  • 公告通知
  • 最新文献
  • 馆藏检索
  • 电子资源
  • 读者导购
  • 参考咨询
  • 我的图书馆
  • 登录
  • 详细信息显示
  • 放入我的书架
  • 预约/预借图书
  • 作者相关作品
  • 分类相关作品
  • 丛书相关作品
  • 出版社相关作品

书目信息

  • 表格格式
  • 工作单格式
  • 卡片格式
题名:
科技英语要点与训练
    
 
作者: 王益民 编著
分册:  
出版信息: 北京   中国农业机械出版社  1985
页数: 492页
开本: 19cm
丛书名:
单 册:
中图分类: H314 , H31
科图分类:
主题词: 英语-语法
电子资源:
ISBN:
000 00635nam0 2200241 45
001 0185013582
005 20040105144850.5
010    @dCNY2.00
100    @a19951023d1985 em y0chiy0121 ea
101 0  @achi
102    @aCN@b110000
105    @ay z 000yy
106    @ar
200 10 @a科技英语要点与训练@Ake ji ying yu yao dian yu xun lian@f王益民编著
210    @a北京@c中国农业机械出版社@d1985
215    @a492页@d19cm
606    @a英语-语法
690    @aH314@v3
690    @aH31
701  0 @a王益民@4编著@Awang yi min
801  0 @aCN@b深圳图书馆@c20040105
801  2 @aCN@bNLC@c20040105
905    @f5@b125960-964@dH31@e115
    
    科技英语要点与训练/王益民编著.-北京:中国农业机械出版社,1985
    492页;19cm
    
    
    ISBN :CNY2.00
    
●
相关链接 在E读中查询图书 在五车中查询图书 在当当中查询图书 在豆瓣中查询图书


正题名:科技英语要点与训练     索取号:H31/115         预约/预借

序号 登录号 条形码 馆藏地/架位号 状态 备注
1 0125960   001851507   密集书库/ [索取号:H31/115] 在馆    
2 0125961   001851516   密集书库/ [索取号:H31/115] 在馆    
3 0125962   001851525   密集书库/ [索取号:H31/115] 在馆    
4 0125963   001851534   密集书库/ [索取号:H31/115] 在馆    
5 0125964   001851543   密集书库/ [索取号:H31/115] 在馆    
唐山师范学院图书馆 欢迎您!
大连网信软件有限公司© 版权所有